ATP Finals 2021 - Singolare - Statistics

Statistiche generali
  • Questo quiz è stato fatto 19 volte
  • Il punteggio medio è 8 su 8
Statistiche sulle risposte
Nazione Risultato Tennista % Corretto
Russia Finale Daniil Medvedev
100%
Italia Round robin Matteo Berrettini
100%
Serbia Semifinale Novak Djokovic
100%
Grecia Round robin Stefanos Tsitsipas
100%
Germania Campione Alexander Zverev
95%
Russia Round robin Andrej Rublëv
89%
Norvegia Semifinale Casper Ruud
89%
Polonia Round robin Hubert Hurkacz
84%
Nessun quiz corrispondente trovato
Distribuzione punteggi
Percentuale di utenti per punteggio
Percentile per numero di risposta
I tuoi punteggi nel tempo
Non hai fatto questo quiz